000 00458nam a2200193Ia 4500
005 20240823021459.0
008 240823s9999||||xx |||||||||||||| ||und||
020 _a987-81-203-3178-5
041 _aENGLISH
082 _A155.4 P7
100 _a"Munger,Richard L"
245 0 _aChanging Children s Behaviour
250 _a1st
260 _c2007
_b"PHI,New "
_aNew Delhi
500 _aYES
650 _achild
_bGeneral
942 _cBK
999 _c177113
_d177113